000 00496nam a2200205Ia 4500
003 OSt
005 20230505105209.0
008 210423s1974 xx 000 0 und d
040 _cAL
041 _aeng
082 _a574.192 WESE
100 _aWEST (Edward Staunton);others.
_998488
245 _aText book of biochemistry.
250 _a4
260 _aOxford
_bOxford University Press
_c1974
300 _axiv,1595
365 _b430
_cINR
906 _abiochemistry.
942 _2ddc
_cBK
999 _c163335
_d163335